Statistiques concernant Langues les plus proches du Français

Cliquez ici pour prendre le quiz!

Statistiques générales

  • Ce quiz a été pris 10 313 fois
  • Le résultat moyen est 6 sur 10

Statistiques - réponses

IndiceLangue% Correct
37,1Espagnol
98%
24,1Italien
94%
48,7Anglais
93%
34,3Portugais
85%
33,5Latin
55%
41,4Roumain
45%
21,1Catalan
28%
29,4Romanche
21%
47,9Danois
19%
49,3Norvégien
18%

Distribution des résultats

Percentile par nombre de réponses

% des personnes avec chaque résultat

Votre développement - résultats

Vous n’avez pas pris ce quiz